[Event "Gibraltar Masters 17th"]
[Site "Caleta"]
[Date "2019.01.30"]
[Round "9"]
[White "Fuchs, Judith"]
[Black "Erenberg, Ariel"]
[Result "0-1"]
[WhiteElo "2249"]
[BlackElo "2409"]
[PlyCount "80"]
[EventDate "2019.01.22"]
[EventType "swiss"]
[EventRounds "10"]
[EventCountry "GGB"]
[SourceTitle "CBM 188 Extra"]
[Source "ChessBase"]
[SourceDate "2019.02.28"]
[SourceVersion "1"]
[SourceVersionDate "2019.02.28"]
[SourceQuality "1"]

1. e4 c5 2. Nf3 d6 3. d4 cxd4 4. Nxd4 Nf6 5. Nc3 a6 6. Be3 e5 7. Nb3 Be6 8. f3 h5 9. Nd5 Nxd5 10. exd5 Bf5 11. Bd3 Bxd3 12. Qxd3 Nd7 13. 0-0 Be7 14. c4 0-0 15. Rac1 b6 16. Qd2 Bf6 17. Na1 a5 18. Nc2 Re8 19. Na3 e4 20. Nb5 Nc5 21. Rce1 Nd3 22. Rb1 Ne5 23. b3 exf3 24. gxf3 a4 25. Bd4 axb3 26. axb3 h4 27. Rbe1 Qd7 28. Kh1 h3 29. Bxb6 Bh4 30. Rd1 Ra6 31. Qd4 Qe7 32. Qg1 Ra2 33. Nc3 Rc2 34. Bd4 f5 35. Bxe5 Qxe5 36. Nb1 Rg2 37. Qxg2 hxg2+ 38. Kxg2 Qb2+ 39. Kh3 Re2 40. Rh1 Qxb3 0-1

[Event "Gibraltar Masters 17th"]
[Site "Caleta"]
[Date "2019.01.26"]
[Round "5"]
[White "Merario Alarcon, Andres"]
[Black "Fuchs, Judith"]
[Result "1-0"]
[WhiteElo "2405"]
[BlackElo "2249"]
[PlyCount "67"]
[EventDate "2019.01.22"]
[EventType "swiss"]
[EventRounds "10"]
[EventCountry "GGB"]
[SourceTitle "CBM 188 Extra"]
[Source "ChessBase"]
[SourceDate "2019.02.28"]
[SourceVersion "1"]
[SourceVersionDate "2019.02.28"]
[SourceQuality "1"]

1. d4 Nf6 2. c4 e6 3. Nf3 Bb4+ 4. Nbd2 0-0 5. a3 Be7 6. e4 d5 7. e5 Nfd7 8. Bd3 c5 9. Qc2 h6 10. 0-0 Nc6 11. Nb3 a5 12. cxd5 exd5 13. Be3 cxd4 14. Bf4 a4 15. Nbxd4 Nxd4 16. Nxd4 Nc5 17. Be2 Be6 18. Rad1 Rc8 19. Qb1 Qc7 20. h3 Rfd8 21. Bh2 Qb6 22. Kh1 Nb3 23. Nxe6 fxe6 24. f4 Qe3 25. Bg4 Rc6 26. Qg6 Qb6 27. f5 exf5 28. Qxf5 Kh8 29. Qf7 Qc5 30. e6 Rf8 31. Qg6 Qc2 32. Rxf8+ Bxf8 33. Qf7 Qc5 34. Rf1 1-0

[Event "BL 1819 (Women)"]
[Site "Germany"]
[Date "2018.11.18"]
[Round "4.5"]
[White "Fuchs, Judith"]
[Black "Obolentseva, Alexandra"]
[Result "0-1"]
[WhiteElo "2274"]
[BlackElo "2298"]
[PlyCount "144"]
[EventDate "2018.10.27"]
[EventType "team-tourn"]
[EventRounds "11"]
[EventCountry "GER"]
[SourceTitle "CBM 188 Extra"]
[Source "ChessBase"]
[SourceDate "2019.02.28"]
[SourceVersion "1"]
[SourceVersionDate "2019.02.28"]
[SourceQuality "1"]
[WhiteTeam "Hamburger SK (W)"]
[BlackTeam "Bad Koenigshofen (W)"]
[WhiteTeamCountry "GER"]
[BlackTeamCountry "GER"]

1. d4 Nf6 2. Bf4 d5 3. e3 c5 4. Nf3 Nc6 5. Nbd2 h6 6. dxc5 Qa5 7. a3 Qxc5 8. b4 Qc3 9. Bb5 Nd7 10. 0-0 a6 11. Ba4 g5 12. Bg3 Bg7 13. Ra2 Nb6 14. Bb3 Bg4 15. Bc7 Nxb4 16. Bxb6 Nxa2 17. Bxa2 e6 18. Bb3 0-0 19. h3 Bh5 20. g4 Bg6 21. Nd4 Rfc8 22. a4 a5 23. Nb5 Qc6 24. Bd4 Bxc2 25. Qa1 Bxb3 26. Bxg7 Bxa4 27. Qf6 Bxb5 28. Qxh6 f5 29. Nf3 Qd7 30. Qh8+ Kf7 31. Ne5+ Ke7 32. Bf8+ Rxf8 33. Qg7+ Kd6 34. Nxd7 Bxd7 35. Qxg5 fxg4 36. hxg4 Rg8 37. Qh4 Rac8 38. Qh2+ e5 39. f3 Rc4 40. Qh7 Rgc8 41. g5 b5 42. f4 exf4 43. exf4 Re4 44. Rd1 Rcc4 45. Qf7 Bc6 46. Qf8+ Kc7 47. g6 Rxf4 48. g7 Rg4+ 49. Kf2 Rc2+ 50. Kf1 b4 51. Qe7+ Kb6 52. Qd8+ Kc5 53. Qf8+ Kb6 54. Qb8+ Kc5 55. g8Q Rxg8 56. Qxg8 a4 57. Qf8+ Kb5 58. Qb8+ Kc5 59. Qa7+ Kb5 60. Rd4 Rb2 61. Qb8+ Kc5 62. Qa7+ Kb5 63. Ke1 a3 64. Rd2 Kc4 65. Rxb2 axb2 66. Qa2+ Kc3 67. Qb1 Ba4 68. Qf5 d4 69. Ke2 Bb5+ 70. Kd1 d3 71. Qe5+ Kb3 72. Qd5+ Bc4 0-1

[Event "Olympiad Women-43"]
[Site "Batumi"]
[Date "2018.10.05"]
[Round "11.4"]
[White "Fuchs, Judith"]
[Black "Lehaci, Miruna Daria"]
[Result "0-1"]
[WhiteElo "2274"]
[BlackElo "1933"]
[PlyCount "156"]
[EventDate "2018.09.24"]
[EventType "team-swiss"]
[EventRounds "11"]
[EventCountry "GEO"]
[SourceTitle "EXT 2020"]
[Source "ChessBase"]
[SourceDate "2019.10.17"]
[SourceVersion "1"]
[SourceVersionDate "2019.10.17"]
[SourceQuality "1"]
[WhiteTeam "Germany (W)"]
[BlackTeam "Romania (W)"]
[WhiteTeamCountry "GER"]
[BlackTeamCountry "ROU"]

1. b3 d5 2. e3 Nf6 3. Bb2 Bg4 4. Be2 Bxe2 5. Qxe2 c6 6. f4 e6 7. Nf3 Nbd7 8. d3 Bd6 9. Ne5 Bb4+ 10. Nd2 Nxe5 11. fxe5 Nd7 12. 0-0 0-0 13. Rf4 a5 14. Raf1 Qe7 15. c3 Ba3 16. Bxa3 Qxa3 17. Nf3 f6 18. exf6 Rxf6 19. Ng5 Qe7 20. Qh5 h6 21. Nh3 e5 22. R4f2 a4 23. b4 Raf8 24. Qd1 b5 25. Qg4 Kh7 26. Rxf6 Nxf6 27. Qf5+ g6 28. Qf2 Kg7 29. Qe2 Qd6 30. a3 Ne8 31. Rxf8 Qxf8 32. Nf2 Nd6 33. Qg4 Qf5 34. Qg3 h5 35. Qh4 Qf6 36. Qh3 Nf5 37. e4 Qg5 38. exf5 Qc1+ 39. Nd1 Qxd1+ 40. Kf2 Qd2+ 41. Kf1 Qf4+ 42. Ke1 Qxf5 43. Qe3 Qf4 44. Qc5 d4 45. Qe7+ Kh6 46. cxd4 Qe3+ 47. Kf1 Qxd3+ 48. Ke1 Qe3+ 49. Kf1 Qf4+ 50. Ke2 exd4 51. Kd3 h4 52. Qe8 Qf6 53. Qe1 Qf5+ 54. Kd2 Kg5 55. g3 h3 56. Qe7+ Qf6 57. Qe1 Kh6 58. Kd3 Qf3+ 59. Kxd4 Qd5+ 60. Kc3 Qc4+ 61. Kd2 Qa2+ 62. Kd3 Qxa3+ 63. Ke4 Qa2 64. Qe3+ g5 65. Kf5 Qf7+ 66. Kg4 Qd7+ 67. Kf3 Qf5+ 68. Ke2 Qc2+ 69. Ke1 Qb1+ 70. Ke2 Qb2+ 71. Ke1 Qxb4+ 72. Ke2 Qc4+ 73. Ke1 b4 74. Qe8 Qc3+ 75. Ke2 Qf6 76. g4 a3 77. Qg8 b3 78. Qe8 a2 0-1